000 01451cam a2200349 a 4500
999 _c127278
_d127278
001 1379426
003 ARRUPE
005 20171130113621.0
008 810904s1980 dk fh 000 0 eng
010 _a 81178854
040 _aDLC
_cDLC
_dOCoLC
_dDLC
043 _ae------
_aff-----
_aaw-----
050 0 0 _aDG259
_b.C32 1980
082 0 0 _a937
_219
245 0 0 _aJugurthine war conspiracy of catline
_cby Sallust. and, Pharsalia / by Lucan. In old Norse, Rómverjasaga : AM 595 a-b 4to / edited by Jakob Benediktsson.
260 _aCopenhagen :
_bRosenkilde and Bagger,
_c1980.
300 _a23 p., [74] leaves of plates :
_bfacsim. ;
_c32 cm.
440 0 _aEarly Icelandic manuscripts in facsimile ;
_vv. 23
_937802
600 0 0 _aCatiline,
_dapproximately 108 B.C.-62 B.C.
_937803
650 0 _aLatin literature
_xTranslations into Old Norse.
_937804
650 0 _aPharsalus, Battle of, Farsala, Greece, 48 B.C.
_vPoetry.
_937805
650 0 _aManuscripts, Old Norse
_xFacsimiles.
_937806
650 0 _aJugurthine War, 111-105 B.C.
_937807
651 0 _aRome
_xHistory
_yConspiracy of Catiline, 65-62 B.C.
_937808
651 0 _aRome
_xHistory
_yCivil War, 49-45 B.C.
_xPoetry.
_937809
700 0 _aJakob Benediktsson,
_d1907-
_937810
700 0 _aSallust,
_d86 B.C.-34 B.C.
_tBellum Catilinae.
_937811
700 0 _aSallust,
_d86 B.C.-34 B.C.
_tBellum Jugurthinum.
_937812
700 0 _aLucan,
_d39-65.
_tPharsalia.
_937813
730 0 _aRómverja saga.
_937814
906 _a7
_bcbc
_corignew
_d3
_encip
_f19
_gy-gencatlg
942 _2lcc
_cMONOGRAPH